000
00212 a2200097 4500
020
_a
9781534499348
041
_a
eng
100
_a
Gibbs, Stuart
245
_a
Charlie Thorne and the Curse of Cleopatra
942
_c
BK
999
_c
31710
_d
31708